000 00701nam a2200277Ia 4500
005 20260324112433.0
008 008 260324s9999 xx 000 0 eng d
020 _a9781003506867
037 _aEBOOK
040 _aCRL
040 _beng
040 _cCRL
041 _2eng
041 _aeng
084 _qCRL
100 _aNathan W. Link; Meghan A. Novisky; Chantal Fahmy
_91142690
245 0 _aHandbook on Contemporary Issues in Health, Crime, and Punishment
260 _bTaylor and Francis
260 _c2024
365 _a
365 _b325
856 _uhttp://www.taylorfrancis.com/books/9781003506867
942 _cEBOOK
999 _c1731896
_d1731896